00514nam a2200145Ia 4500008004100000020001800041082001400059100002400073245009000097260001400187500001300201942000700214952013200221999001500353260604s9999 xx 000 0 und d a9781032127668 a658.4 MOL aCor molenaar935776 0aDemand-Driven Business Strategy: Digital Transformation and Business Model Innovation bRoutledge aStrategy cBK 00104070aIIMVbIIMVcREFERENCEd2026-06-04g5802.87l0o658.4 MOLp004224r2026-06-04 10:20:54v5802.87w2026-06-04yBKBMOL c8606d8606